| 000 | 01019cam a22002651i 4500 | ||
|---|---|---|---|
| 003 | SA-RiAUC | ||
| 005 | 20250603115806.0 | ||
| 008 | 250526s1961 ua g 00000 ara c | ||
| 040 |
_aSA-RiAUC _bara _cSA-RiAUC _erda |
||
| 082 | 0 | 4 |
_a257 _qSA-RiAUC |
| 090 |
_a257 _bس ر و |
||
| 100 | 1 |
_aسرور، طه عبد الباقي، _dتوفي 1962 _eمؤلف. |
|
| 245 | 1 | 0 |
_aدولة القرآن / _cتأليف طه عبد الباقي سرور. |
| 264 | 1 |
_aالقاهرة : _bالمكتبة العلمية ومطبعتها، _c1961 |
|
| 300 |
_a315 صفحة ؛ _c24 سم |
||
| 336 |
_aنص _btxt _2rdacontent _3كتاب |
||
| 337 |
_aبدون وسيط _bn _2rdamedia |
||
| 338 |
_aمجلد _bnc _2rdacarrier |
||
| 504 | _aيشتمل على إرجاعات ببليوجرافية. | ||
| 650 | 7 |
_aالإسلام _xجوانب سياسية _2aucsh |
|
| 650 | 7 |
_aالأحكام السلطانية _2aucsh |
|
| 650 | 7 |
_aالنظم الإسلامية _2aucsh |
|
| 942 |
_2ddc _cBOOK _n0 |
||
| 949 |
_aSA-JeALM _d250526 _uosman123 _n1 |
||
| 999 |
_c8699 _d8699 |
||